Electric power system basics : for the nonelectrical professional (Record no. 11020)
[ view plain ]
| 000 -LEADER | |
|---|---|
| fixed length control field | 00447 a2200157 4500 |
| 020 ## - INTERNATIONAL STANDARD BOOK NUMBER | |
| International Standard Book Number | 9780470129876 |
| 082 ## - DEWEY DECIMAL CLASSIFICATION NUMBER | |
| Classification number | 621.31 |
| 090 ## - LOCALLY ASSIGNED LC-TYPE CALL NUMBER (OCLC); LOCAL CALL NUMBER (RLIN) | |
| -- | 7217 |
| -- | 7217 |
| 100 ## - MAIN ENTRY--PERSONAL NAME | |
| Personal name | Blume, Steven Warren |
| 245 ## - TITLE STATEMENT | |
| Title | Electric power system basics : for the nonelectrical professional |
| Statement of responsibility, etc. | Steven Warren Blume |
| 260 ## - PUBLICATION, DISTRIBUTION, ETC. | |
| Place of publication, distribution, etc. | New Jersey |
| Name of publisher, distributor, etc. | John Wiley |
| Date of publication, distribution, etc. | 2007 |
| 300 ## - PHYSICAL DESCRIPTION | |
| Extent | 242 p. |
| 650 ## - SUBJECT ADDED ENTRY--TOPICAL TERM | |
| Topical term or geographic name entry element | Electric power systems |
| 700 ## - ADDED ENTRY--PERSONAL NAME | |
| Personal name | Steven Warren Blume |
| 942 ## - ADDED ENTRY ELEMENTS (KOHA) | |
| Koha item type | Book |
| Call number prefix | 621.31 BLU |
| Withdrawn status | Lost status | Damaged status | Not for loan | Collection code | Permanent Location | Current Location | Shelving location | Date acquired | Source of acquisition | Cost, normal purchase price | Total Checkouts | Full call number | Barcode | Date last seen | Price effective from | Koha item type |
|---|---|---|---|---|---|---|---|---|---|---|---|---|---|---|---|---|
| Central Library (CL) | Central Library (CL) | General Stacks | 07/13/2012 | A&J DEF TEK Consultants | 5240.00 | 621.31 BLU | SEECS011438 | 07/19/2023 | 01/05/2017 | Book |
